Statistics for Footballers by Picture - FC Porto

Click here to take the quiz!

General Stats

  • This quiz has been taken 23 times
  • The average score is 18 of 32

Answer Stats

Answer% Correct
Iker Casillas
100%
Pepe
100%
Deco
95%
Ricardo Quaresma
90%
James Rodríguez
86%
Danilo Pereira
81%
Héctor Herrera
76%
Hulk
76%
João Moutinho
76%
Ricardo Carvalho
71%
Vincent Aboubakar
67%
Vítor Baía
67%
Yacine Brahimi
67%
Jesús Corona
62%
Mehdi Taremi
62%
Moussa Marega
62%
Otávio
57%
Iván Marcano
48%
José Bosingwa
48%
Mateus Uribe
48%
Bruno Alves
43%
Raul Meireles
43%
Fernando Gomes
38%
Helton
33%
João Pinto
33%
Jorge Costa
33%
Mário Jardel
33%
Paulo Ferreira
24%
Rabah Madjer
24%
Aloísio
19%
Ljubinko Drulović
14%
Virgílio Mendes
5%

Score Distribution

Percentile by Number Answered

Percent of People with Each Score

Your Score History

You have not taken this quiz